000 01318nam0a2200349 i 4500
001 RU\NLR\bibl\1968430
005 20240921155641.0
010 _a9785742236283
_9500
021 _aRU
_b2012-82756
_96123
035 _a(nilc)RSL-KNO-005518525
035 _a(NLR Aleph) 001957311
090 _a3777312
_c3777312
100 _a20121101d2012 k y0rusy50 ca
101 0 _arus
102 _aRU
105 _aa |||||||||
200 1 _aПромышленная ресурсология и экологизация производственной деятельности
_fС. В. Прокопенков
210 _aСанкт-Петербург
_cИзд-во Политехнического университета
_d2012
215 _a99 с.
_cил., табл.
_d20
320 _aБиблиогр.: с. 96-99
606 1 _aПромышленность
_xЭкологическая безопасность
_92204298
_3RU\NLR\AUTH\6601559018
686 _aУ9(2)300,0
_2rubbk
686 1 _aУ28(2)530
700 1 _aПрокопенков
_bС. В.
_gСергей Вячеславович
_4070
801 0 _aRU
_bRuMoRKP
_c20121101
_grcr
801 1 _aRU
_bРГБ
_c20121101
801 2 _aRU
_bNLR
_c20121119
_grcr
830 _aпо кн
942 _cBOOK
980 _aNBR